Administration, organisation et comptabilité industrielles / (Record no. 90030)

MARC details
000 -LEADER
campo de control de longitud fija 00755nam a2200205 i 4500
001 - NÚMERO DE CONTROL
campo de control 90030
003 - IDENTIFICADOR DE NÚMERO DE CONTROL
campo de control ES-MaACL
005 - FECHA Y HORA DE LA ÚLTIMA TRANSACCIÓN
campo de control 20230906180329.0
007 - CAMPO FIJO DE DESCRIPCIÓN FÍSICA--INFORMACIÓN GENERAL
campo de control de longitud fija t|
008 - DATOS DE LONGITUD FIJA--INFORMACIÓN GENERAL
campo de control de longitud fija 050117s1949 be ||||1| fre d
100 1# - ENTRADA PRINCIPAL--NOMBRE DE PERSONA
Nombre de persona Leemans, Louis.
9 (RLIN) 71206
245 10 - MENCIÓN DEL TÍTULO
Título Administration, organisation et comptabilité industrielles /
Mención de responsabilidad, etc. par Louis Leemans et Armand Dabar.
260 ## - PUBLICACIÓN, DISTRIBUCIÓN, ETC.
Lugar de publicación, distribución, etc. Bruxelles :
Nombre del editor, distribuidor, etc. Comptables, Commerciales et Financiéres,
Fecha de publicación, distribución, etc. [1949] (
Lugar de fabricación/manufactura Frameries :
Fabricante Union des Imprimeries)
300 ## - DESCRIPCIÓN FÍSICA
Extensión 420 p. ;
Dimensiones 25 cm.
490 1# - MENCIÓN DE SERIE
Mención de serie Bibliothèque générale des sciences économiques
700 1# - ENTRADA AGREGADA--NOMBRE PERSONAL
Nombre de persona Dabar, Armand.
9 (RLIN) 42395
830 0# - PUNTO DE ACCESO ADICIONAL DE SERIE-TÍTULO UNIFORME
Título uniforme Bibliothèque générale des sciences économiques
9 (RLIN) 182647
852 ## - LOCALIZACIÓN
Ubicación ES-MaACL
Número de control de estantería C-17403
Sublocalización o colección R.45710
Holdings
Estatus retirado Estado de pérdida Estado de daño No para préstamo Biblioteca de origen Biblioteca actual Ubicación en estantería Fecha de adquisición Fuente de adquisición Total de préstamos Signatura topográfica completa Código de barras Visto por última vez Precio de reemplazo Tipo de ítem Koha
        Biblioteca del Ateneo de Madrid Biblioteca del Ateneo de Madrid Galería 17/01/2008     C-17403 1094021 23/02/2023 23/02/2023 Libro impreso